Programa de eventos del 1992 en la República Dominicana con motivo del Quinto Centenario del Descubrimiento y Evangelización de América. (Registro nro. 13541)

Detalles MARC
000 -LIDER
fixed length control field 01080nam a2200253 a 4500
003 - IDENTIFICACDOR DE NÚMERO DE CONTROL
control field DO-SdBNP
005 - DATE AND TIME OF LATEST TRANSACTION
control field 20210527104126.0
008 - ELEMENTOS DE LONGITUD FIJA
fixed length control field 100317s1991 dr 000 0 spa d
040 ## - FUENTE DE CATALOGACIÓN
Agencia que crea de manera original el registro BPMSU
Idioma de catalogación spa
Agencia que realiza la transcripción BPMSU
049 ## - LOCAL HOLDINGS (OCLC)
Holding library
082 ## - NÚMERO DE CLASIFICACIÓN DECIMAL DE DEWEY
Classification number 972.9302
Item number C733p 1991
Edition number 22
110 2# - ASIENTO PRINCIPAL--NOMBRE CORPORATIVO
Nombre corporativo o de jurisdicción Comisión Dominicana Permanente para la Celebración del Quinto Centenario del Descubrimiento y Evangelización de América
245 10 - MENCIÓN DE TITULO
Título Programa de eventos del 1992 en la República Dominicana con motivo del Quinto Centenario del Descubrimiento y Evangelización de América.
246 13 - VARIACION DEL TÍTULO
Título propiamente dicho o título corto Festival de las Américas
250 ## - MENCIÓN DE EDICION
Mención de edición 2a.ed.
260 ## - PUBLICACIÓN, DISTRIBUCIÓN, ETC. (PIE DE IMPRENTA)
Lugar de publicación, distribución, etc Santo Domingo :
Nombre del editor, distribuidor, etc. Comisión Dominicana Permanente para la celebración del Quinto Centenario del Descubrimiento y Evangelización de América,
Fecha de publicación, distribución, etc 1991
300 ## - DESCRIPCIÓN FÍSICA
Extensión 96 p. ;
Dimensiones 24 cm.
500 ## - NOTA GENERAL
Materiales especificados Celebración del Quinto Centenario dedicación del Faro a Colón
590 ## - NOTA LOCAL
Enlace Inventariado, 2021/VM
650 #4 - ENCABEZAMIENTO DE MATERIA--TEMÁTICO
Término temático o nombre geográfico como elemento de entrada Aniversarios
Subdivisión geográfica República Dominicana
651 #4 - ENCABEZAMIENTO DE MATERIA--NOMBRE GEOGRÁFICO
Nombre geográfico América
Subdivisión temática general Descubrimiento y exploraciones |
910 ## - VALIDACIÓN
Validación VMateo
942 ## - ADDED ENTRY ELEMENTS (KOHA)
Source of classification or shelving scheme Dewey Decimal Classification
Koha item type Libros
Existencias
Withdrawn status Lost status Source of classification or shelving scheme Damaged status Not for loan Collection code Home library Current library Date acquired Source of acquisition Full call number Barcode Date last seen Price effective from Koha item type
    Dewey Decimal Classification     Colección Dominicana Biblioteca Pública Metropolitana Salomé Ureña Biblioteca Pública Metropolitana Salomé Ureña 05/27/2021 Reyes Duluc BPMSU CD 972.9302 C733p 1991 BPMSU21050178 05/27/2021 05/27/2021 Libros